| 000 | 00424cam a22001457a 4500 | ||
|---|---|---|---|
| 008 | 180718b2001 xxu||||| |||| 00| 0 eng d | ||
| 020 | _a0198662688 | ||
| 082 | _aA39 K761 | ||
| 245 |
_aThe concise oxford dictionary of quotations _cedited by Elizabeth Knowles |
||
| 260 |
_aOxford _bOxford University Press _c2001 |
||
| 300 | _a541p. | ||
| 650 | _aQuotations, English | ||
| 650 | _aQuotations | ||
| 700 | _aKnowles, Elizabeth | ||
| 999 |
_c400042 _d400042 |
||